The Good Quiz Stats

 Plays Quiz Updated Mar 18, 2019

Score 0/20 Timer 05:00
1 Play Today
Clue Good 'Thing' % Correct
Religious holiday commemorating the crucifixion of ChristGood Friday
93.6%
A rabbit's foot or four-leaf clover, e.g.good luck charm
84.4%
The Beach Boys third U.S. number one hitGood Vibrations
79.1%
Person who voluntarily offers help or sympathy in times of troubleGood Samaritan
75.2%
Either of the films that Robin Williams was nominated for an Oscar for in 1997 or 1987Good Will Hunting / Good Morning, Vietnam
73.7%
ABC news and talk show hosted by Robin Roberts and George StephanopoulosGood Morning America
72.4%
Women's magazine founded in 1885Good Housekeeping
70.8%
1966 spaghetti western starring Clint Eastwood, Eli Wallach, and Lee Van CleefThe Good, the Bad, and the Ugly
67%
1974-1979 TV series that was a dy-no-mite spin-off of 'Maude' Good Times
65.4%
CBS legal drama starring Julianna MarguliesThe Good Wife
62.7%
Clue Good 'Thing' % Correct
Bartolomeu Dias was the first European to reach this area of AfricaCape of Good Hope
59.1%
Either of the films that Jack Nicholson was nominated for an Oscar for in 1992 or 1997A Few Good Men / As Good as it Gets
52%
Brand of ice cream often sold from trucksGood Humor
47.6%
1958 hit song for Little RichardGood Golly, Miss Molly
39.8%
Choo-choo Charlie advertised this licorice candy; oldest branded candy in the United StatesGood & Plenty
38.2%
US Pop Punk band with the hit album 'The Young and the Hopeless'Good Charlotte
31.2%
1967 musical comedy based on the 'Peanuts' comic stripYou're a Good Man, Charlie Brown
29.5%
1931 Pearl Buck novelThe Good Earth
29.1%
John Berendt novelization that takes place in Savannah, GeorgiaMidnight in the Garden of Good and Evil
18.7%
1982 song by John Cougar (Mellencamp)Hurts So Good
15%

You're not logged in!

Compare scores with friends on all Sporcle quizzes.
OR
Log In

Sporcle TV

Today on Sporcle TV


Watch our educational content, quiz creation guides, and fun videos on Sporcle TV.

Show Comments

Extras

Top Quizzes Today


Score Distribution

Your Account Isn't Verified!

In order to create a playlist on Sporcle, you need to verify the email address you used during registration. Go to your Sporcle Settings to finish the process.

Report this User

Report this user for behavior that violates our Community Guidelines.

Details: